Loading...
Literature - British Literature | 0 | 5 | 0 | 1 | 50 | 92 | 120.60 | 0 | 4 |
Literature - World Literature | 0 | 4 | 0 | 1 | 40 | 91 | 114.75 | 0 | 2 |
Mythology | 0 | 3 | 1 | 0 | 25 | 81 | 107.33 | 0 | 3 |
Literature - American Literature | 0 | 2 | 1 | 0 | 15 | 98 | 113.00 | 0 | 0 |
Literature - European Literature | 0 | 2 | 2 | 0 | 10 | 92 | 105.00 | 0 | 2 |
Religion | 0 | 1 | 0 | 1 | 10 | 122 | 122.00 | 0 | 1 |
Fine Arts - Painting & Sculpture | 0 | 1 | 0 | 0 | 10 | 152 | 152.00 | 0 | 1 |
History - American History | 0 | 1 | 0 | 0 | 10 | 117 | 117.00 | 0 | 1 |
History - Other History | 0 | 1 | 0 | 0 | 10 | 129 | 129.00 | 0 | 0 |
Other | 0 | 1 | 0 | 0 | 10 | 93 | 93.00 | 0 | 1 |
Fine Arts - Other Fine Arts | 0 | 1 | 0 | 0 | 10 | 130 | 130.00 | 0 | 1 |
History - European History | 0 | 1 | 1 | 1 | 5 | 127 | 127.00 | 0 | 1 |
History - World History | 0 | 0 | 1 | 0 | -5 | 0.00 | 0 | 0 |